000 00531cam a2200133 4500500
005 20260329020405.0
041 _afre
042 _adc
100 1 0 _aBeucler-Bour, Valérie
_eauthor
700 1 0 _aPinard Legry, Gérard
_eauthor
245 0 0 _aMatériaux : résistance à la corrosion et au vieillissement
260 _bTechniques de l'ingénieur,
_c2025.
856 4 1 _uhttps://stm.cairn.info/techniques-de-l-ingenieur-materiaux-resistance-a-la-corrosion-et-au-vieillissement--42373210?lang=fr&redirect-ssocas=7080
999 _c1905836
_d1905836